| 000 | 01982nam0a2200397 4500 | ||
|---|---|---|---|
| 001 | RU\NLR\bibl\969837 | ||
| 005 | 20250614211007.0 | ||
| 010 |
_a5-9614-0338-6 _93000 |
||
| 021 |
_aRU _b2006-31045 _91547 |
||
| 035 | _a(nilc)RSL-KNO-002891365 | ||
| 035 | _a(NLR Aleph) 000957804 | ||
| 090 |
_a320284 _c320284 |
||
| 100 | _a20060530d2006 |||y0rusy50 ca | ||
| 101 | 1 |
_arus _ceng |
|
| 102 | _aRU | ||
| 105 | _aa ||||||||| | ||
| 106 | _ar | ||
| 200 | 1 |
_aИнструменты бережливого производства _dLean tools _eмини-руководство по внедрению методик бережливого производства _e[карманный справочник] _fМайкл Вэйдер _gпер. с англ. [А. Баранов, Э. Башкардин _gЦентр ОргПром] _zeng |
|
| 205 | _a2-е изд. | ||
| 210 |
_aМосква _cАльпина Бизнес Букс _cЦентр ОргПром _d2006 _eУльяновск _gУльяновский Дом печати |
||
| 215 |
_a124 с. _cил. _d16 |
||
| 300 | _aАвт. также на англ. яз.: Michael Wader | ||
| 510 | 0 |
_6z11790 _aLean tools _zeng |
|
| 606 | 1 |
_aПотери в промышленности _jСправочники _91949586 _3RU\NLR\auth\66891677 |
|
| 610 | 0 | _aЭкономика -- Капиталистические страны -- Промышленность -- Предприятие -- Резервы производства -- Потери и борьба с ними -- Пособие для специалистов | |
| 686 |
_aУ830.1-854,07 _2rubbk |
||
| 686 | _aУ30(0)-854я2 | ||
| 700 | 1 |
_4070 _7ca _8rus _aВэйдер _bМ. _gМайкл _9182350 _3RU\NLR\AUTH\770182401 |
|
| 790 | 1 |
_4070 _7ca _8rus _aWader _bM. _gMichael _9182364 _3RU\NLR\AUTH\770182415 |
|
| 801 | 0 |
_aRU _bРКП _c20060530 _grcr |
|
| 801 | 1 |
_aRU _bРГБ _c20060530 |
|
| 801 | 2 |
_aRU _bNLR _c20060724 _grcr |
|
| 942 | _cBOOK | ||
| 980 | _aNB | ||